Normal view
MARC view
- Dr, Hassan Aqeel Khan
Entry Personal Name
001 - CONTROL NUMBER
- control field: 27011
003 - CONTROL NUMBER IDENTIFIER
- control field: NUST
005 - DATE AND TIME OF LATEST TRANSACTION
- control field: 20191216121902.0
008 - FIXED-LENGTH DATA ELEMENTS
- fixed length control field: 191216|| aca||aabn | a|a d
040 ## - CATALOGING SOURCE
- Original cataloging agency: NUST
- Transcribing agency: NUST
100 ## - HEADING--PERSONAL NAME
- Personal name: Dr, Hassan Aqeel Khan
670 ## - SOURCE DATA FOUND
- Source citation: Work cat.: (NUST): Zahid, Muhammad Uzair 27010, Automatic Classification of Atrial Fibrillation from Single-lead ECG Signals /, 2019.
